000 01393cam a22003254a 4500
999 _c332011
_d332011
001 11815458
003 NUST
005 20171107112122.0
008 991020s2000 flua b 001 0 eng
010 _a 99055330
020 _a1566705118 (alk. paper)
040 _aDLC
_cDLC
_dDLC
042 _apcc
050 0 0 _aTD426
_b.G7277 2000
082 0 0 _a628.168 LIU
_221
245 0 0 _aGroundwater and surface water pollution /
_cEdited by David H.F. Liu, Béla G. Lipták, ; Paul A. Bouis, special consultant.
260 _aBoca Raton :
_bLewis Publishers,
_cc2000.
300 _a150 p. :
_bill. ;
_c29 cm.
500 _aH.B
504 _aIncludes bibliographical references and index.
650 0 _aGroundwater
_xPollution.
_92330
650 0 _aGroundwater flow.
_92324
650 0 _aGroundwater
_xPurification.
_92339
650 0 _aRunoff
_xManagement.
_96077
700 1 _aLiu, David H. F.
_96078
700 1 _aLipták, Béla G.
_96079
856 4 2 _3Publisher description
_uhttp://www.loc.gov/catdir/enhancements/fy0744/99055330-d.html
906 _a7
_bcbc
_corignew
_d1
_eocip
_f19
_gy-gencatlg
942 _2ddc
_cBK
_kIESE